Ataque a los Titanes - Ciudades - Estadísticas

Estadísticas generales
  • Esta prueba ha sido intentada 33 veces
  • La puntuación promedio es 2 de 10
Respuestas en el mapa
Las respuestas están codificadas por una escala verde-roja en el mapa de la prueba según el % correcto abajo.
 
Estadísticas de respuestas
Muralla Ciudad % Correcto
Maria Shiganshina
84%
Rose Trost
80%
Sina Stohess
8%
Rose Utopia
8%
Sina Ehrmich
0%
Rose Karanese
0%
Rose Krolva
0%
Sina Mitras
0%
Sina Orvud
0%
Sina Yarckel
0%
No se encontraron pruebas coincidentes
Distribución de puntuación
Porcentaje de gente con cada puntuación
Porcentaje por número respondido
Historial de tus puntuaciones
No has intentado esta prueba.